Szczegóły MARC21

"Und was werden sie Deutschen sagen??" : Thomas Manns "Doktor Faustus" : [anlässlich der Austellung des Heinrich-und-Thomas-Mann-Zentrums Lübeck und des Thomas-Mann-Archiv der Eidgenössischen Technischen Hochschule Zürich, vom 6. Juni 1997 bis zum 27. Juli im Stadthaus Zürich [...] vom Mitte Oktober bis zum 29. November 1998 in der Staatsbibliothek Berlin /

003 -Nazwa inst., której nr kontr. jest w polu 001 [,]
    • @
    • Nazwa instytucji, której n kontrolny jest w polu 001
    • NUKAT
005 -DATA I CZAS OSTATNIEJ MODYFIKACJI [,]
    • @
    • pole kontrolne
    • 20241231112119.0
020 -Międzynarod. znormalizowany nr książki - ISBN [ , ]
    • a
    • Numer ISBN
    • 3925402756 Find
040 -Instytucja sporządzająca opis [ , ]
    • a
    • Instytucja, która sporządziła opis (NP)
    • NUKAT
    • c
    • Instytucja, która sporządziła rekord (NP)
    • POZN U/LB AŁ
    • d
    • Instytucja, która zmodyfikowała rekord (P)
    • POZN U/WA
942 -Rodzaj dokumentu [ , ]
    • c
    • Rodzaj dokumentu
    • Książka
245 -Strefa tytułu i oznaczenia odpowiedzialności [0,0]
    • a
    • Tytuł
    • "Und was werden sie Deutschen sagen??" : Find
    • b
    • Ciąg dalszy tytułu (NP)
    • Thomas Manns "Doktor Faustus" : [anlässlich der Austellung des Heinrich-und-Thomas-Mann-Zentrums Lübeck und des Thomas-Mann-Archiv der Eidgenössischen Technischen Hochschule Zürich, vom 6. Juni 1997 bis zum 27. Juli im Stadthaus Zürich [...] vom Mitte Oktober bis zum 29. November 1998 in der Staatsbibliothek Berlin / Find
    • c
    • Pozostałe elementy strefy tytułu i oznaczenia odpowiedzialności (NP)
    • hrsg. von Hans Wisskirchen und Thomas Sprecher.
250 -Strefa wydania [ , ]
    • a
    • Oznaczenie wydania (NP)
    • 2. Aufl.
260 -Strefa adresu wydawniczego [ , ]
    • a
    • Miejsce wydania (P)
    • Lübeck :
    • b
    • Nazwa wydawcy (P)
    • Dräger,
    • c
    • Data wydania (P)
    • 1998.
300 -Strefa opisu fizycznego [ , ]
    • a
    • Określenie formy książki i/lub objętość (NP)
    • 235 s. :
    • b
    • Oznaczenie ilustracji (NP)
    • il. ;
    • c
    • Format (NP)
    • 24 cm.
336 -Typ zawartości [ , ]
    • a
    • Termin opisujący typ zawartości
    • Tekst
    • b
    • Kod określający zawartość
    • txt
    • 2
    • Źródło (terminu i kodu)
    • rdacontent
337 -Typ mediów [ , ]
    • a
    • Tryb odtwarzania
    • Bez urządzenia pośredniczącego
    • b
    • Kod typu mediów
    • n
    • 2
    • Źródło (terminu i kodu)
    • rdamedia
338 -Typ/rodzaj nośnika [ , ]
    • a
    • Hasło opisujące typ nośnika
    • Wolumin
    • b
    • Kod typu nośnika
    • nc
    • 2
    • Źródło (terminu i kodu)
    • rdacarrier
490 -Strefa serii i książki wielotomowej - forma nie do wyszukiwania [1, ]
    • a
    • Tytuł (P)
    • Thomas-Mann-Studien ; Find
    • v
    • Numeracja (P)
    • Bd. 19
830 -Hasło dodatkowe serii i opisu książki wielotomowej - tytuł ujednolicony/tytuł [ ,0]
    • a
    • Tytuł ujednolicony/tytuł (NP)
    • Thomas-Mann-Studien
    • v
    • Oznaczenie tomu (NP)
    • Bd. 19
    • 9
    • KHW
    • 632519
080 -Uniwersalna Klasyfikacja Dziesiętna [ , ]
    • a
    • Symbol klasyfikacji
    • 830(091)-31"18/19"Mann T.(082.2)=30
080 -Uniwersalna Klasyfikacja Dziesiętna [ , ]
    • a
    • Symbol klasyfikacji
    • :82.03(082.2)=30
980 -Symbol UKD [ , ]
    • a
    • UKD
    • 830(091)-31"18/19"Mann T.:82.03](082.2)=30
700 -Hasło dodatkowe - nazwa osobowa [1, ]
    • a
    • Nazwa osobowa (NP)
    • Wisskirchen, Hans Find
    • d
    • Daty biograficzne (NP)
    • (1955- ).
    • e
    • Określenie rodzaju współpracy
    • Red.
    • 9
    • KHW
    • 489592
700 -Hasło dodatkowe - nazwa osobowa [1, ]
    • a
    • Nazwa osobowa (NP)
    • Sprecher, Thomas Find
    • d
    • Daty biograficzne (NP)
    • (1957- ).
    • e
    • Określenie rodzaju współpracy
    • Red.
    • 9
    • KHW
    • 632518
920 -ISBN [ , ]
    • a
    • ISBN
    • 3-925402-75-6 Find
Lokalizacja Data inwentaryzacji Status udost. Numer inwentarzowy Sygnatura
BM2002-03-07-3G.16212Germ. Literaturozn. - Mann T. 26